=LDR 00000nam 2200000 4500 =001 INLIS000000000001726 =005 20130612090125 =008 ***********************************Ind** =035 ##$$0010-061300000001726 =041 ##$$a Ind =082 ##$$a 500 =090 ##$$a 500, Rah r =245 ##$$a Rahasia sehari-hari, Penemua dalam alam dan bidang teknik =260 ##$$a 1987 $b Bandung =300 ##$$a iv, 130 hlm, ilus, 21cm =650 ##$$a Sains =850 ##$$a NBPNMAT